000 01536nab a22002177a 4500
999 _c6095
_d6095
003 OSt
005 20260122070438.0
008 190502c xxu||||| |||| 00| 0 spa d
040 _cPJ
100 _aSantoianni, Juan Pablo
_96636
245 1 0 _aError sobre la edad del sujeto pasivo en los delitos de abuso sexual y principio de congruencia :
_bel fallo “F. M. C. V.” /
_cJuan Pablo Santoianni.
260 _aCiudad Autónoma de Buenos Aires :
_bThomson Reuters La Ley,
_c2024.
300 _ap. 48-58
505 _aSumario: I. Introducción.— II. Aspectos centrales del fallo “F. M. C. V.”.— III. Distintas posturas sobre el error acerca de la edad del sujeto pasivo en los delitos de abuso sexual.— IV. Nuestra posición: estupro consumado con necesidad de puntual intimación respecto del “aprovechamiento de la inmadurez sexual”.— V. Contenido de la acusación y principio de congruencia en los supuestos de error sobre la edad de la víctima.— VI. El error sobre la edad de la víctima y el principio de congruencia en el fallo “F. M., C. V.”.— VII. Conclusión.
505 _aFallo comentado: CCrim. 2a Nom., Catamarca, 15/03/2022. - F. M. C. V.
505 _t¿Te interesa el texto completo? Solicitalo al correo: koha@justierradelfuego.gov.ar
650 0 _9343
_aDERECHO PENAL
650 0 _94467
_aABUSO SEXUAL CALIFICADO POR ACCESO CARNAL
773 0 _02729
_93180
_dBuenos Aires : LexisNexis, 2006-
_tRevista de derecho penal y procesal penal. Nº 10 - Octubre 2024
_z9875920622
942 _2udc
_cANA